| 000 | 006380000a22002050004500 | ||
|---|---|---|---|
| 020 | _a0-311-42052-4 | ||
| 041 | 0 | _aSPA | |
| 082 | 0 | 4 | _aG 487.4 B2441p |
| 100 | 1 | _aBarclay, William (1907-1978) | |
| 245 | 1 | 0 | _aPalabras griegas del Nuevo Testamento : Su uso y su significado / William Barclay ; Javier José Marín C., Traductor |
| 250 | _a7 | ||
| 260 | _aEl Paso, TX. : Casa Bautista de Publicaciones | ||
| 300 | _a219 Pág. | ||
| 500 | _aTítulo original : New Testament words. | ||
| 001 | 14183 | ||
| 942 | _cBK | ||
| 999 |
_c43085 _d43085 |
||
| 336 |
_atexto _btxt _2rdacontent |
||
| 337 |
_2rdamedia _asin mediación _bn |
||
| 338 |
_2rdacarrier _avolumen _bnc |
||